[Event "ARG-ch U12"]
[Site "Villa Martelli"]
[Date "2018.02.12"]
[Round "7.1"]
[White "Romero, Joaquin"]
[Black "Chiappero, Julio Alfredo"]
[Result "0-1"]
[WhiteElo "1415"]
[BlackElo "1578"]
[PlyCount "62"]
[EventDate "2018.02.09"]
[EventType "swiss"]
[EventRounds "9"]
[EventCountry "ARG"]
[SourceTitle "EXT 2024"]
[Source "ChessBase"]
[SourceDate "2023.10.10"]
[SourceVersion "1"]
[SourceVersionDate "2023.10.10"]
[SourceQuality "1"]

1. e4 c5 2. Nf3 e6 3. d4 cxd4 4. Nxd4 a6 5. Bd3 Qc7 6. 0-0 Bc5 7. c3 Nf6 8. Qe2 d6 9. Be3 Nbd7 10. Nf3 b6 11. b4 Bxe3 12. Qxe3 Bb7 13. c4 0-0 14. Nbd2 Rfe8 15. Rac1 Rac8 16. Rc2 Qb8 17. h3 d5 18. e5 dxc4 19. Nxc4 Nd5 20. Qd2 Rf8 21. a3 b5 22. Nd6 Rxc2 23. Qxc2 Nxe5 24. Nxb7 Nxf3+ 25. gxf3 Qxb7 26. Bxh7+ Kh8 27. Be4 f5 28. Bxd5 Qxd5 29. Qe2 Rf6 30. f4 Rg6+ 31. Kh2 Qg2# 0-1

[Event "South American-ch U10"]
[Site "Santiago de Chile"]
[Date "2016.12.04"]
[Round "5.13"]
[White "Romero, Joaquin"]
[Black "Rodriguez Angulo, Stiven Jason"]
[Result "1-0"]
[WhiteElo "1442"]
[BlackElo "1285"]
[PlyCount "85"]
[EventDate "2016.12.01"]
[EventType "swiss"]
[EventRounds "9"]
[EventCountry "CHI"]
[SourceTitle "EXT 2022"]
[Source "ChessBase"]
[SourceDate "2021.10.06"]
[SourceVersion "1"]
[SourceVersionDate "2021.10.06"]
[SourceQuality "1"]

1. Nf3 Nf6 2. c4 g6 3. Nc3 Bg7 4. e3 0-0 5. Be2 d6 6. d4 c5 7. dxc5 dxc5 8. 0-0 Nc6 9. Qd2 Bf5 10. a3 Ne4 11. Nxe4 Bxe4 12. Rd1 Qxd2 13. Nxd2 Bf5 14. e4 Be6 15. Nb3 Nd4 16. Nxd4 Bxd4 17. Bh6 Rfd8 18. Rab1 a5 19. Rd2 f6 20. Rbd1 g5 21. b4 b6 22. bxc5 bxc5 23. h4 gxh4 24. Be3 Rab8 25. Bxd4 Rxd4 26. Rxd4 cxd4 27. Rxd4 Rb3 28. Rd3 Rxd3 29. Bxd3 Kf8 30. Kf1 Ke8 31. Ke2 Kd7 32. Ke3 Kd6 33. Kd4 Bf7 34. c5+ Kc6 35. Bc4 e5+ 36. Kc3 Bxc4 37. Kxc4 h3 38. gxh3 h6 39. a4 h5 40. h4 Kb7 41. Kb5 Kc7 42. Kxa5 Kc6 43. Kb4 1-0

[Event "Puerto Madryn-ch B"]
[Site "Puerto Madryn"]
[Date "2016.09.11"]
[Round "5.2"]
[White "Lowy, Tomas"]
[Black "Romero, Joaquin"]
[Result "1-0"]
[WhiteElo "1780"]
[BlackElo "1798"]
[PlyCount "73"]
[EventDate "2016.08.27"]
[EventType "swiss"]
[EventRounds "7"]
[EventCountry "ARG"]
[SourceTitle "EXT 2024"]
[Source "ChessBase"]
[SourceDate "2023.10.10"]
[SourceVersion "1"]
[SourceVersionDate "2023.10.10"]
[SourceQuality "1"]

1. e4 e5 2. Nf3 Nc6 3. Bb5 a6 4. Ba4 Nf6 5. d3 b5 6. Bb3 Be7 7. 0-0 0-0 8. c3 d6 9. Nbd2 Be6 10. Re1 Na5 11. Bxe6 fxe6 12. b4 Nb7 13. Qb3 Qd7 14. d4 exd4 15. Nxd4 d5 16. Bb2 c5 17. N4f3 Rae8 18. Rad1 Qc7 19. a4 c4 20. Qc2 h6 21. Nd4 Bd6 22. h3 e5 23. Nf5 dxe4 24. Nxe4 Nxe4 25. Qxe4 Rxf5 26. Qxf5 Rf8 27. Qe6+ Kh8 28. axb5 axb5 29. Bc1 Rf6 30. Qe8+ Rf8 31. Qxb5 Qf7 32. Be3 e4 33. Qd5 Qc7 34. Bd4 Nd8 35. Bxg7+ Qxg7 36. Qxd6 Rg8 37. Qd4 1-0

[Event "Salta Escoda Memorial"]
[Site "Salta"]
[Date "2016.01.24"]
[Round "3"]
[White "Romero, Joaquin"]
[Black "Gonzalez, Rodrigo"]
[Result "0-1"]
[WhiteElo "1431"]
[BlackElo "1929"]
[PlyCount "93"]
[EventDate "2016.01.22"]
[EventType "swiss"]
[EventRounds "7"]
[EventCountry "ARG"]
[SourceTitle "CBM 170 Extra"]
[Source "ChessBase"]
[SourceDate "2016.02.25"]
[SourceVersion "1"]
[SourceVersionDate "2016.02.25"]
[SourceQuality "1"]

1. Nf3 Nf6 2. c4 g6 3. Nc3 d5 4. d4 Bg7 5. Bf4 c6 6. e3 0-0 7. Be2 Nbd7 8. cxd5 Nxd5 9. Nxd5 cxd5 10. 0-0 b6 11. Rc1 Bb7 12. Qa4 a6 13. Bc7 Qe8 14. Bf4 Rc8 15. Rc2 Rxc2 16. Qxc2 Qc8 17. Rc1 Qxc2 18. Rxc2 Rc8 19. Rxc8+ Bxc8 20. Bc7 e6 21. Kf1 Bf8 22. Be5 Nxe5 23. Nxe5 Bd6 24. Ng4 Kg7 25. f3 f6 26. Nf2 e5 27. dxe5 fxe5 28. e4 d4 29. Nd3 h5 30. Kf2 h4 31. Ke1 Kf6 32. Nc1 Be6 33. a3 Ke7 34. Kd2 a5 35. Kc2 Kd7 36. Nb3 Kc6 37. a4 Bb4 38. Bb5+ Kd6 39. Bd3 Bd7 40. Bb5 Bxb5 41. axb5 a4 42. Nd2 Bxd2 43. Kxd2 Kc5 44. Kc2 Kxb5 45. Kd2 Kc4 46. Kc2 b5 47. Kd2 0-1

[Event "Chubut Province-ch"]
[Site "Chubut"]
[Date "2015.11.27"]
[Round "2"]
[White "Romero, Joaquin"]
[Black "Maldonado, Jaime"]
[Result "1/2-1/2"]
[WhiteElo "1791"]
[BlackElo "1968"]
[PlyCount "52"]
[EventDate "2015.11.26"]
[EventType "swiss"]
[EventRounds "7"]
[EventCountry "ARG"]
[SourceTitle "CBM 169 Extra"]
[Source "ChessBase"]
[SourceDate "2015.12.18"]
[SourceVersion "1"]
[SourceVersionDate "2015.12.18"]
[SourceQuality "1"]

1. d4 d5 2. c4 e6 3. Nf3 c6 4. g3 Nf6 5. Bg2 Nbd7 6. 0-0 dxc4 7. Qc2 Be7 8. Qxc4 0-0 9. Bg5 h6 10. Bxf6 Bxf6 11. Rd1 Qc7 12. Qc2 Nb6 13. e4 Rd8 14. Nc3 Bd7 15. Nb5 Qb8 16. Na3 Be8 17. Rac1 g5 18. e5 Bg7 19. Nc4 Nxc4 20. Qxc4 b5 21. Qc3 Qb6 22. Ne1 Rac8 23. b4 f6 24. Qb3 Rd5 25. Rc5 fxe5 26. dxe5 Rcd8 1/2-1/2